Statistics for Ariana Grande Songs Quiz

Click here to take the quiz!

General Stats

  • This quiz has been taken 45 times
    (17 since last reset)
  • The average score is 77 of 132

Answer Stats

Album/EPSong% Correct
Love Me Harder EP | My Everything (Deluxe)Love Me Harder
92%
k bye for now (swt live)love me harder - live
92%
Yours TrulyBaby I
83%
Yours TrulyThe Way
83%
thank u, next7 rings
75%
k bye for now (swt live)7 rings - live
75%
Dangerous WomanBe Alright
75%
k bye for now (swt live)be alright - live
75%
Yours TrulyHoneymoon Avenue
75%
thank u, nextimagine
75%
Christmas & Chill | My Everything (Deluxe)Intro
75%
Dangerous WomanMoonlight
75%
My Everything (Deluxe)My Everything
75%
Positions (Deluxe)pov
75%
Yours TrulyRight There
75%
k bye for now (swt live)right there - live
75%
Positions (Deluxe)safety net (feat. Ty Dolla $ign)
75%
thank u, nextthank u, next
75%
k bye for now (swt live)thank u, next - live
75%
sweetenerthe light is coming (feat. Nicki Minaj)
75%
k bye for now (swt live)the light is coming - live
75%
Positions (Deluxe)34+35
67%
Positions (Deluxe)34+35 Remix (feat. Doja Cat & Megan Thee Stallion)
67%
sweetenerbetter off
67%
sweetenerblazed (feat. Pharrell Williams)
67%
thank u, nextbloodline
67%
Dangerous WomanDangerous Woman
67%
k bye for now (swt live)dangerous woman - live
67%
Christmas & ChillDecember
67%
Dangerous WomanEveryday
67%
sweetenerGod is a woman
67%
k bye for now (swt live)god is a woman - live
67%
Dangerous WomanGreedy
67%
thank u, nextin my head
67%
k bye for now (swt live)in my head (interlude) - live
67%
Dangerous WomanInto You
67%
k bye for now (swt live)into you - live
67%
thank u, nextNASA
67%
k bye for now (swt live)nasa - live
67%
thank u, nextneedy
67%
k bye for now (swt live)needy - live
67%
Positions (Deluxe)off the table (with The Weeknd)
67%
My Everything (Deluxe)One Last Time
67%
My Everything (Deluxe)Only 1
67%
k bye for now (swt live)only 1 - live
67%
sweetenerpete davidson
67%
Yours TrulyPiano
67%
Positions (Deluxe)positions
67%
sweetenerraindrops (an angel cried)
67%
k bye for now (swt live)raindrops (an angel cried) - live
67%
k bye for now (swt live)r.e.m - live
67%
Dangerous WomanSometimes
67%
sweetenersweetener
67%
k bye for now (swt live)sweetener - live
67%
Yours TrulyTattooed Heart
67%
Positions (Deluxe)test drive
67%
Dangerous WomanTouch It
67%
thank u, nextbad idea
58%
k bye for now (swt live)bad idea - live
58%
sweetenerborderline (feat. Missy Elliot)
58%
thank u, nextbreak up with your girlfriend, i'm bored (buwygib)
58%
k bye for now (swt live)break up with your girlfriend, i'm bored - live
58%
sweetenereverytime
58%
k bye for now (swt live)everytime - live
58%
thank u, nextfake smile
58%
k bye for now (swt live)fake smile - live
58%
thank u, nextghostin
58%
Dangerous WomanKnew Better / Forever Boy
58%
Christmas Kisses EPLast Christmas
58%
Dangerous WomanLet Me Love You
58%
Positions (Deluxe)love language
58%
thank u, nextmake up
58%
k bye for now (swt live)make up - live
58%
Positions (Deluxe)motive (with Doja Cat)
58%
Positions (Deluxe)nasty
58%
sweetenerno tears left to cry
58%
k bye for now (swt live)no tears left to cry - live
58%
Positions (Deluxe)obvious
58%
Dangerous WomanSide To Side
58%
k bye for now (swt live)side to side - live
58%
Positions (Deluxe)six thirty
58%
sweetenersuccessful
58%
Christmas & ChillTrue Love
58%
My Everything (Deluxe)Why Try
58%
Christmas & ChillWinter Things
58%
Yours TrulyAlmost Is Never Enough
50%
Dangerous WomanBad Decisions
50%
My Everything (Deluxe)Bang Bang
50%
My Everything (Deluxe)Break Free
50%
k bye for now (swt live)break free - live
50%
k bye for now (swt live)break your heart right back - live
50%
sweetenerbreathin
50%
k bye for now (swt live)breathin - live
50%
sweetenerget well soon
50%
k bye for now (swt live)get well soon - live
50%
sweetenergoodnight n go
50%
k bye for now (swt live)goodnight n go - live
50%
My Everything (Deluxe)Hands On Me
50%
Positions (Deluxe)just like magic
50%
Dangerous WomanLeave Me Lonely
50%
Yours TrulyLovin' It
50%
Positions (Deluxe)my hair
50%
My Everything (Deluxe)Problem
50%
Dangerous WomanThinking Bout You
50%
Positions (Deluxe)west side
50%
My Everything (Deluxe)You Don't Know Me
50%
Yours TrulyYou'll Never Know
50%
k bye for now (swt live)you'll never know - live
50%
My Everything (Deluxe)Best Mistake
42%
Yours TrulyBetter Left Unsaid
42%
Dangerous WomanI Don't Care
42%
Christmas Kisses EPLove Is Everything
42%
Positions (Deluxe)main thing
42%
Yours TrulyPopular Song
42%
sweetenerR.E.M
42%
Christmas Kisses EPSanta Baby
42%
Positions (Deluxe)shut up
42%
Christmas Kisses EPSnow In California
42%
Positions (Deluxe)someone like u - interlude
42%
k bye for now (swt live)tattooed heart - live
42%
Christmas & ChillNot Just On Christmas
33%
k bye for now (swt live)successful - live
33%
Christmas & ChillWit It This Christmas
33%
Positions (Deluxe)worst behaviour
33%
Love Me Harder EPCadillac Song
25%
My Everything (Deluxe)Just A Little Bit Of Your Heart
25%
k bye for now (swt live)my heart belongs to daddy - live
17%
My Everything (Deluxe)Be My Baby Break Your Heart Right Back
8%
Yours TrulyDadydreamin'
8%
Love Me Harder EPToo Close
8%

Score Distribution

Percentile by Number Answered

Percent of People with Each Score

Your Score History

You have not taken this quiz since the last reset